000 00903nam a2200289 i 4500
001 000030943
003 DO-SdBNP
005 20231206130011.0
007 ta
008 100326s1938 dr a 000 0 spa d
040 _aDO-SdBNP
_bspa
_cBNPHU
_erda
082 _a617.645
_bS237p
_222
100 1 _aSantos N., Gladys E. de los
_eautor
_938267
245 1 0 _aPor los niños /
_cGladys E. de los Santos N.
264 _aCiudad Trujillo :
_bImprenta P. A. Gómez,
_c1938.
300 _a30 paginas. ;
_c23 cm.
336 _2rdacontent
_atexto
_btxt
337 _2rdamedia
_asin mediación
_bn
338 _2rdacarrier
_avolumen
_bnc
590 _aInventariado, 2023 / DG
650 4 _aNiños
_xPreparación para el cuidado de los dientes
_938268
650 4 _aDentición
_921584
650 4 _aDientes
_xCuidado e higiene
_938269
650 4 _aPerdida de dientes
_938270
910 _aDG
942 _2ddc
_cLBS1
999 _c30435
_d30435